| 000 | 00489nam a2200157 a 4500 | ||
|---|---|---|---|
| 001 | 2611 | ||
| 005 | 20140414131855.0 | ||
| 008 | 050607s19uu xx 00 eng d | ||
| 050 |
_aM 957.3 _bR23 1993 |
||
| 100 | _aReardon, Barbara | ||
| 245 |
_aWashington, D. C : _cText by Barbara Reardon ; Photography by Tom Wachs. _bAmerica's capital city / |
||
| 260 |
_aWashington, D. C : _bLawson Mardon Postcard, _c1993. |
||
| 300 | _a1 v. p. : ill. ; cm. | ||
| 650 | _aAmerica. | ||
| 999 |
_c110404 _d110404 |
||